[Event "RUS-ch Seniors"]
[Site "Tula"]
[Date "2004.05.14"]
[Round "5"]
[White "Sanakoev, Grigory Konstantino"]
[Black "Leonidov, Vitaly F"]
[Result "0-1"]
[WhiteElo "2288"]
[BlackElo "2410"]
[PlyCount "120"]
[EventDate "2004.05.??"]
[EventType "swiss"]
[EventRounds "9"]
[EventCountry "RUS"]
[SourceTitle "EXT 2005"]
[Source "ChessBase"]
[SourceDate "2004.11.15"]
[SourceVersion "1"]
[SourceVersionDate "2004.11.15"]
[SourceQuality "1"]

1. e4 e5 2. Nf3 Nc6 3. Bb5 f5 4. d3 fxe4 5. dxe4 Nf6 6. 0-0 d6 7. Nc3 Be7 8. Bc4 Na5 9. Bb5+ Nc6 10. Bc4 Na5 11. Bb5+ Bd7 12. Bxd7+ Qxd7 13. Nd5 Nc6 14. Re1 0-0 15. c3 Kh8 16. Bg5 Rae8 17. Nxe7 Rxe7 18. Nd2 Ref7 19. f3 Nh5 20. Nf1 Qe6 21. Kh1 Qg6 22. Bh4 Nf4 23. Ne3 Qh5 24. Bg3 Ne7 25. Qd2 Rf6 26. Kg1 Qg5 27. Rad1 h5 28. Bxf4 Rxf4 29. Nd5 Nxd5 30. exd5 Qg6 31. Kh1 h4 32. Qd3 Qg5 33. h3 Qg3 34. Qe2 e4 35. fxe4 Rf2 36. Qg4 Rxg2 37. Qxg3 Rxg3 38. Rf1 Rxh3+ 39. Kg2 Rg3+ 40. Kh2 Rff3 41. Rxf3 Rxf3 42. Kg2 Re3 43. Rd4 g5 44. Kf2 Rh3 45. Rc4 Kg7 46. e5 dxe5 47. Rxc7+ Kf6 48. d6 Rd3 49. Rxb7 Rxd6 50. Kf3 Kf5 51. Rf7+ Rf6 52. Rxa7 g4+ 53. Kg2 Rd6 54. Rf7+ Kg6 55. Rf2 Rd3 56. Re2 h3+ 57. Kh2 Kf5 58. a4 Kf4 59. a5 Kf3 60. Rc2 Rd1 0-1

[Event "Wch Seniors 13th"]
[Site "Bad Zwischenahn"]
[Date "2003.11.24"]
[Round "6"]
[White "Sanakoev, Grigory Konstantino"]
[Black "Rahls, Peter"]
[Result "0-1"]
[WhiteElo "2313"]
[BlackElo "2341"]
[PlyCount "117"]
[EventDate "2003.11.16"]
[EventType "swiss"]
[EventRounds "11"]
[EventCountry "GER"]
[SourceTitle "CBM 097 Extra"]
[Source "ChessBase"]
[SourceDate "2004.01.13"]
[SourceVersion "1"]
[SourceVersionDate "2004.01.13"]
[SourceQuality "1"]

1. e4 c5 2. Nf3 e6 3. d4 cxd4 4. Nxd4 Nf6 5. Nc3 d6 6. Be3 a6 7. a4 b6 8. f3 Bb7 9. Qd2 Be7 10. Bc4 d5 11. exd5 exd5 12. Bd3 0-0 13. Nce2 Nbd7 14. 0-0 Re8 15. c3 Ne5 16. Bf4 Nc4 17. Qc1 Nh5 18. Bg3 Nxg3 19. hxg3 Bg5 20. f4 Bf6 21. b3 Ne3 22. Rf3 Ng4 23. Qd2 g6 24. b4 Qe7 25. a5 b5 26. Nc1 Qf8 27. f5 g5 28. Nce2 Qh6 29. Kf1 Nh2+ 30. Kf2 Nxf3 31. Nxf3 Qg7 32. Nfd4 Re7 33. Rh1 h6 34. g4 Rc8 35. Rh3 Rce8 36. Bc2 Be5 37. Bd3 Qf6 38. Qc1 Rc7 39. Qd2 Kg7 40. Bb1 Rh8 41. Ng3 Bxg3+ 42. Rxg3 Re8 43. Bd3 Bc8 44. Rh3 Qe5 45. Rf3 Kf6 46. Rh3 Rh8 47. Bc2 Qf4+ 48. Qxf4 gxf4 49. Bb3 Bb7 50. Ke1 Rhc8 51. Kd2 Rg8 52. Bd1 h5 53. gxh5 Rxg2+ 54. Ke1 Rg3 55. Rxg3 fxg3 56. Kf1 Bc8 57. Kg2 Bxf5 58. Nxf5 Kxf5 59. Kxg3 0-1

[Event "Wch Seniors 13th"]
[Site "Bad Zwischenahn"]
[Date "2003.11.20"]
[Round "4"]
[White "Piankov, Evgenij"]
[Black "Sanakoev, Grigory Konstantino"]
[Result "0-1"]
[WhiteElo "2372"]
[BlackElo "2313"]
[PlyCount "80"]
[EventDate "2003.11.16"]
[EventType "swiss"]
[EventRounds "11"]
[EventCountry "GER"]
[SourceTitle "CBM 097 Extra"]
[Source "ChessBase"]
[SourceDate "2004.01.13"]
[SourceVersion "1"]
[SourceVersionDate "2004.01.13"]
[SourceQuality "1"]

1. d4 Nf6 2. e3 e6 3. Bd3 c5 4. c3 Nc6 5. f4 d6 6. Nf3 e5 7. Bb5 e4 8. Nfd2 d5 9. dxc5 Bxc5 10. Nb3 Qb6 11. Bxc6+ bxc6 12. Nxc5 Qxc5 13. Qd4 Qe7 14. b3 c5 15. Qa4+ Bd7 16. Qa5 0-0 17. 0-0 Rfb8 18. Na3 Rb6 19. c4 d4 20. Qd2 d3 21. Bb2 Ng4 22. h3 Nh6 23. f5 Nxf5 24. Rf4 Ng3 25. Rf2 Rg6 26. Kh2 Qd6 27. Rf4 Re8 28. Nb5 Bxb5 29. cxb5 Ne2 30. Raf1 Rge6 31. Kh1 Nxf4 32. Rxf4 f6 33. Rf1 a6 34. bxa6 Qxa6 35. Qc3 Qb5 36. Kg1 Qb4 37. Kf2 Qxc3 38. Bxc3 Ra6 39. Ra1 c4 40. bxc4 Rc8 0-1

[Event "CAPA 10th jub email"]
[Site "email"]
[Date "1999.??.??"]
[Round "?"]
[White "Sanakoev, Grigory Konstantino"]
[Black "Elwert, Hans Marcus"]
[Result "1/2-1/2"]
[WhiteElo "2585"]
[BlackElo "2681"]
[PlyCount "71"]
[EventDate "1999.12.01"]
[EventType "tourn (corr)"]
[EventRounds "10"]
[EventCategory "16"]
[SourceTitle "Corr 2002"]
[Source "ChessBase"]
[SourceDate "2002.05.23"]
[SourceVersion "1"]
[SourceVersionDate "2002.05.23"]
[SourceQuality "1"]

1. e4 c5 2. Nf3 d6 3. Bb5+ Nc6 4. 0-0 Bd7 5. Re1 Nf6 6. c3 a6 7. Ba4 b5 8. Bc2 e5 9. h3 Be7 10. d4 0-0 11. d5 Na5 12. Nbd2 g6 13. b4 Nb7 14. Rb1 Qc7 15. Nf1 Rfc8 16. Ne3 Bf8 17. g4 Bg7 18. a3 a5 19. Bd2 axb4 20. axb4 h5 21. g5 Nh7 22. Kh2 Qd8 23. Rg1 c4 24. Ra1 Rxa1 25. Qxa1 Ra8 26. Qb1 f6 27. Nf5 fxg5 28. Nxg5 Qf6 29. Nxh7 Kxh7 30. Nxg7 Kxg7 31. Be3 Kh7 32. Rg2 Qf3 33. Rg3 Qf6 34. Kg2 Nd8 35. Bg5 Qf8 36. Rf3 1/2-1/2

[Event "CAPA 10th jub email"]
[Site "email"]
[Date "1999.??.??"]
[Round "?"]
[White "Sanakoev, Grigory Konstantino"]
[Black "Rause, Olita V"]
[Result "1/2-1/2"]
[WhiteElo "2585"]
[BlackElo "2637"]
[PlyCount "66"]
[EventDate "1999.12.01"]
[EventType "tourn (corr)"]
[EventRounds "10"]
[EventCategory "16"]
[SourceTitle "Corr 2002"]
[Source "ChessBase"]
[SourceDate "2002.05.23"]
[SourceVersion "1"]
[SourceVersionDate "2002.05.23"]
[SourceQuality "1"]

1. e4 e5 2. Nf3 Nf6 3. d4 Nxe4 4. Bd3 d5 5. Nxe5 Nd7 6. Nxd7 Bxd7 7. 0-0 Bd6 8. c4 c6 9. cxd5 cxd5 10. Qh5 0-0 11. Qxd5 Bc6 12. Qh5 g6 13. Qh3 Ng5 14. Qg4 Ne6 15. Bh6 Re8 16. Nc3 Nxd4 17. Rad1 Qf6 18. Bg5 Qe5 19. Qh4 Be7 20. Bxe7 Rxe7 21. Kh1 Re6 22. Qg3 Qxg3 23. hxg3 Rd8 24. g4 a6 25. Rfe1 Rf6 26. Rf1 g5 27. Kh2 Rfd6 28. Bb1 b5 29. a3 a5 30. b4 axb4 31. axb4 Bd7 32. f3 Be6 33. Bd3 Nc6 1/2-1/2

[Event "Ozery op1 Seniors"]
[Site "Ozery"]
[Date "1997.??.??"]
[Round "10"]
[White "Khasin, Abram Iosifovich"]
[Black "Sanakoev, Grigory Konstantino"]
[Result "0-1"]
[WhiteElo "2420"]
[BlackElo "2270"]
[PlyCount "120"]
[EventDate "1997.??.??"]
[EventType "swiss"]
[EventRounds "11"]
[EventCountry "RUS"]
[SourceTitle "EXT 2001"]
[Source "ChessBase"]
[SourceDate "2000.11.22"]
[SourceVersion "1"]
[SourceVersionDate "2000.11.22"]
[SourceQuality "1"]

1. d4 Nf6 2. c4 e6 3. Nc3 Bb4 4. Qc2 c5 5. dxc5 Bxc5 6. Nf3 Nc6 7. Bg5 Qa5 8. e3 Bb4 9. 0-0-0 Bxc3 10. bxc3 b6 11. Bxf6 gxf6 12. Nd2 f5 13. Kb2 Bb7 14. Nb3 Qe5 15. Qd2 0-0-0 16. Be2 Rhg8 17. f4 Qc7 18. Rhg1 d6 19. g3 Kb8 20. Ka1 Ne7 21. Qb2 Ba6 22. Rd4 Nc6 23. Rd2 Ne7 24. c5 Bxe2 25. cxb6 axb6 26. Rxe2 Nd5 27. Rc1 Qc4 28. Na5 Qa4 29. c4 Qxa5 30. cxd5 Rc8 31. Rec2 exd5 32. Rc6 Rxc6 33. Rxc6 Qe1+ 34. Qb1 Qxe3 35. Qxb6+ Qxb6 36. Rxb6+ Kc7 37. Ra6 Re8 38. Ra7+ Kc6 39. Rxf7 Re2 40. Rxh7 d4 41. Kb1 Kd5 42. a4 d3 43. Kc1 Kd4 44. Rd7 d5 45. a5 Ra2 46. h3 d2+ 47. Kd1 Ke3 48. Rxd5 Ra1+ 49. Kc2 Rc1+ 50. Kb3 d1Q+ 51. Rxd1 Rxd1 52. Kc4 Ra1 53. Kb5 Kd4 54. g4 Kd5 55. Kb6 Kd6 56. Kb5 Rb1+ 57. Kc4 Rf1 58. a6 fxg4 59. a7 Ra1 60. hxg4 Rxa7 0-1

[Event "Ozery op1 Seniors"]
[Site "Ozery"]
[Date "1997.??.??"]
[Round "11"]
[White "Osnos, Viatcheslav"]
[Black "Sanakoev, Grigory Konstantino"]
[Result "1/2-1/2"]
[WhiteElo "2430"]
[BlackElo "2270"]
[PlyCount "23"]
[EventDate "1997.??.??"]
[EventType "swiss"]
[EventRounds "11"]
[EventCountry "RUS"]
[SourceTitle "EXT 2001"]
[Source "ChessBase"]
[SourceDate "2000.11.22"]
[SourceVersion "1"]
[SourceVersionDate "2000.11.22"]
[SourceQuality "1"]

1. d4 Nf6 2. c4 e6 3. Nf3 b6 4. g3 Bb7 5. Bg2 Be7 6. 0-0 0-0 7. Nc3 Ne4 8. Nxe4 Bxe4 9. Ne1 Bxg2 10. Nxg2 d5 11. Qa4 Qd7 12. Qxd7 1/2-1/2

[Event "Ozery op1 Seniors"]
[Site "Ozery"]
[Date "1997.??.??"]
[Round "7"]
[White "Sanakoev, Grigory Konstantino"]
[Black "Arkhangelsky, Boris Nikolaevich"]
[Result "1-0"]
[WhiteElo "2270"]
[BlackElo "2425"]
[PlyCount "105"]
[EventDate "1997.??.??"]
[EventType "swiss"]
[EventRounds "11"]
[EventCountry "RUS"]
[SourceTitle "EXT 2000"]
[Source "ChessBase"]
[SourceDate "1999.11.16"]
[SourceVersion "1"]
[SourceVersionDate "1999.11.16"]
[SourceQuality "1"]

1. e4 c5 2. c3 Nf6 3. e5 Nd5 4. d4 cxd4 5. Nf3 e6 6. Qxd4 Nc6 7. Qe4 d6 8. Nbd2 dxe5 9. Nxe5 Nxe5 10. Qxe5 Bd7 11. Nf3 Nf6 12. Bc4 Rc8 13. Qe2 Qc7 14. Ne5 Bd6 15. Nxd7 Qxc4 16. Nxf6+ gxf6 17. Be3 Rg8 18. Qxc4 Rxc4 19. g3 b6 20. 0-0-0 Ke7 21. Rd3 Bc5 22. Bxc5+ Rxc5 23. Rhd1 Rc7 24. Rd4 f5 25. Rh4 Rg7 26. a4 Rg4 27. Rd4 Rxd4 28. Rxd4 Kf6 29. Kd2 h5 30. b4 Kg6 31. c4 e5 32. Rd6+ Kg5 33. Kc3 h4 34. Rd5 hxg3 35. hxg3 f6 36. c5 f4 37. gxf4+ Kxf4 38. Kc4 Kf3 39. Rd2 e4 40. Rc2 f5 41. Kd5 bxc5 42. bxc5 f4 43. Kd6 Rh7 44. c6 Rh6+ 45. Kd7 Rh7+ 46. Kc8 e3 47. fxe3 fxe3 48. c7 e2 49. Rc1 Rh4 50. Kb8 Rb4+ 51. Ka8 Rc4 52. Rxc4 e1Q 53. c8Q 1-0

[Event "Zagorovsky Memorial"]
[Site "Voronezh"]
[Date "1997.??.??"]
[Round "?"]
[White "Sanakoev, Grigory Konstantino"]
[Black "Natapov, Geliy I"]
[Result "1/2-1/2"]
[WhiteElo "2270"]
[BlackElo "2305"]
[PlyCount "26"]
[EventDate "1997.??.??"]
[EventType "tourn"]
[EventRounds "11"]
[EventCountry "RUS"]
[EventCategory "4"]
[SourceTitle "EXT 1999"]
[Source "ChessBase"]
[SourceDate "1998.11.16"]
[SourceVersion "1"]
[SourceVersionDate "1998.11.16"]
[SourceQuality "1"]

1. e4 e5 2. Nf3 Nc6 3. Bb5 Nf6 4. 0-0 Nxe4 5. d4 Nd6 6. Bg5 Be7 7. Bxe7 Qxe7 8. Bxc6 dxc6 9. dxe5 Nf5 10. Nc3 0-0 11. Qd2 Nh4 12. Nxh4 Qxh4 13. Rad1 Bf5 1/2-1/2

[Event "Zagorovsky Memorial"]
[Site "Voronezh"]
[Date "1997.??.??"]
[Round "?"]
[White "Sanakoev, Grigory Konstantino"]
[Black "Toprover, Viktor G"]
[Result "1-0"]
[WhiteElo "2270"]
[BlackElo "2330"]
[PlyCount "57"]
[EventDate "1997.??.??"]
[EventType "tourn"]
[EventRounds "11"]
[EventCountry "RUS"]
[EventCategory "4"]
[SourceTitle "EXT 1999"]
[Source "ChessBase"]
[SourceDate "1998.11.16"]
[SourceVersion "1"]
[SourceVersionDate "1998.11.16"]
[SourceQuality "1"]

1. e4 e5 2. Nf3 Nc6 3. Bb5 a6 4. Ba4 d6 5. c3 Bd7 6. 0-0 Nf6 7. Re1 Be7 8. d4 0-0 9. d5 Na7 10. Bxd7 Nxd7 11. c4 Nc8 12. Nc3 Rb8 13. b4 Bf6 14. Be3 g6 15. Qb3 Bg7 16. Nd2 f5 17. f3 Nf6 18. c5 Nh5 19. Nc4 Nf4 20. Rad1 h5 21. Kh1 h4 22. exf5 gxf5 23. Bxf4 exf4 24. Re6 Qg5 25. Rde1 Kh7 26. Ne2 Rg8 27. Qc2 c6 28. Ng1 Bc3 29. Nh3 1-0

[Event "Zagorovsky Memorial"]
[Site "Voronezh"]
[Date "1997.??.??"]
[Round "?"]
[White "Sanakoev, Grigory Konstantino"]
[Black "Zaitsev, Igor A"]
[Result "0-1"]
[WhiteElo "2270"]
[BlackElo "2450"]
[PlyCount "70"]
[EventDate "1997.??.??"]
[EventType "tourn"]
[EventRounds "11"]
[EventCountry "RUS"]
[EventCategory "4"]
[SourceTitle "EXT 1999"]
[Source "ChessBase"]
[SourceDate "1998.11.16"]
[SourceVersion "1"]
[SourceVersionDate "1998.11.16"]
[SourceQuality "1"]

1. e4 e5 2. Nf3 Nc6 3. Bb5 a6 4. Ba4 Nf6 5. 0-0 Be7 6. Re1 b5 7. Bb3 0-0 8. c3 d6 9. h3 Qd7 10. d4 Re8 11. a4 Bb7 12. axb5 axb5 13. Rxa8 Bxa8 14. Na3 Rb8 15. d5 Nd8 16. Bc2 c6 17. dxc6 Bxc6 18. b4 h6 19. Bd3 Ne6 20. g3 Bd8 21. Qe2 Bc7 22. Rd1 Kh8 23. Bc2 Qc8 24. Nh4 Qb7 25. Re1 d5 26. exd5 Bxd5 27. Bd3 Bc6 28. Nf5 e4 29. Bb1 Be5 30. Bd2 Rd8 31. h4 Qd7 32. Be3 Bxc3 33. Rc1 Bxb4 34. Qb2 Bf8 35. Nxh6 Bxa3 0-1

[Event "Ozery op1 Seniors"]
[Site "Ozery"]
[Date "1997.??.??"]
[Round "6"]
[White "Semasev, Kim"]
[Black "Sanakoev, Grigory Konstantino"]
[Result "0-1"]
[WhiteElo "2285"]
[BlackElo "2270"]
[PlyCount "62"]
[EventDate "1997.??.??"]
[EventType "swiss"]
[EventRounds "11"]
[EventCountry "RUS"]
[SourceTitle "EXT 2000"]
[Source "ChessBase"]
[SourceDate "1999.11.16"]
[SourceVersion "1"]
[SourceVersionDate "1999.11.16"]
[SourceQuality "1"]

1. e4 c5 2. Nf3 Nc6 3. Nc3 d6 4. d4 cxd4 5. Nxd4 Nf6 6. Bc4 e6 7. Bb3 Be7 8. 0-0 0-0 9. Kh1 Bd7 10. f4 Nxd4 11. Qxd4 Bc6 12. f5 e5 13. Qd3 h6 14. Be3 b5 15. Bd5 Bxd5 16. Nxd5 Nxd5 17. Qxd5 Qc7 18. Bxh6 Bf6 19. Be3 Qxc2 20. Rf2 Qa4 21. g4 Bh4 22. b3 Qa5 23. Rf3 Rac8 24. g5 Qc3 25. Raf1 Qc2 26. g6 Qe2 27. gxf7+ Rxf7 28. R3f2 Bxf2 29. Rxf2 Rc1+ 30. Bxc1 Qxf2 31. Qd1 Rd7 0-1